000 00705nam a22002177a 4500
003 OSt
005 20220922174357.0
008 220922b |||||||| |||| 00| 0 eng d
020 _a0-9746150-1-3
040 _cBiblioteca Lado V
082 _a708
_bB928h
100 _aBuergel, Roger M.
_ecurador
245 _aHow do we want to be governed?/
_b(Figure and Ground)
260 _aMiami
_bMiami Art Center
_c2004
300 _a135p.
_c21x24cm
650 _2Tesauro de Arte & Arquitectura
_aPOLITICA
650 _2Tesauro de Arte & Arquitectura
_aARTE
650 _2Tesauro de Arte & Arquitectura
_aEXPOSICION
700 _aNoack, Ruth
_ecuradora
942 _2ddc
_c1
_h708
_iB928h
_n0
999 _c2111
_d2111